Características humanas y aprendizaje escolar

সংরক্ষণ করুন:
গ্রন্থ-পঞ্জীর বিবরন
প্রধান লেখক: Bloom, Benjamin Samuel (Author)
বিন্যাস: গ্রন্থ
ভাষা:স্প্যানিশ
প্রকাশিত: Bogotá Voluntad 1976
বিষয়গুলি:
ট্যাগগুলো: ট্যাগ যুক্ত করুন
কোনো ট্যাগ নেই, প্রথমজন হিসাবে ট্যাগ করুন!

MARC

LEADER 00000nam a2200000 a 4500
001 UCZ0642
003 CL-VaPUC
008 950804e19760000CK |||||||||||||||||spa|d
082 0 4 |a 370.15  |b BLO  |2 21 
100 |a Bloom, Benjamin Samuel  |e author  |9 308803 
245 1 0 |a Características humanas y aprendizaje escolar 
300 |a 287 p 
942 |c BK 
945 |d 19950804 00:00:00  |a cmena 
260 |a Bogotá  |b Voluntad  |c 1976 
650 0 |a Psicología educacional   |9 307830 
650 7 |a DIFERENCIA INDIVIDUAL  |2 CL-VaPUC  |9 334997 
650 0 |a Aprendizaje   |9 254827 
650 0 |a Cognición   |9 270347 
650 0 |a Procesos mentales superiores  |9 330839 
650 0 |a Procesos de aprendizaje  |9 309161 
650 0 |a Investigación educacional   |9 261192 
583 |a last modification  |c 19950804 00:00:00  |k Rodrigo Vera 
999 |c 237555  |d 237553